000 00322nam a2200133Ia 4500
008 220610s9999 xx 000 0 und d
082 _a891.463
_bJHA
100 _a"Jhagirdar, Vijaya"
_9129323
245 _aRanyogini
250 _a1st
260 _aNagpur
_bRucha Prakashan
_c2008
300 _aVIII;184P.
_bPB
906 _a0
999 _c53429
_d53429